Invertebrate Fossils / (Record no. 177010)
[ view plain ]
| 000 -LEADER | |
|---|---|
| fixed length control field | 01314 a2200181 4500 |
| 003 - CONTROL NUMBER IDENTIFIER | |
| control field | Nust |
| 005 - DATE AND TIME OF LATEST TRANSACTION | |
| control field | 20230714115528.0 |
| 020 ## - INTERNATIONAL STANDARD BOOK NUMBER | |
| International Standard Book Number | 8123911394 |
| 040 ## - CATALOGING SOURCE | |
| Transcribing agency | Nust |
| 082 ## - DEWEY DECIMAL CLASSIFICATION NUMBER | |
| Classification number | 562,MOO |
| 100 ## - MAIN ENTRY--PERSONAL NAME | |
| Personal name | Moore.C,Raymond |
| 9 (RLIN) | 2436 |
| 245 ## - TITLE STATEMENT | |
| Title | Invertebrate Fossils / |
| Statement of responsibility, etc. | Raymond C .Moore, Cecile G. Lalicker, Alfred G. Fischer |
| 260 ## - PUBLICATION, DISTRIBUTION, ETC. | |
| Place of publication, distribution, etc. | New Delhi, |
| Name of publisher, distributor, etc. | CBS, |
| Date of publication, distribution, etc. | 1997. |
| 300 ## - PHYSICAL DESCRIPTION | |
| Extent | 766 |
| 505 ## - FORMATTED CONTENTS NOTE | |
| Formatted contents note | .The nature of fossils (Page-1), Foraminifera and Radiolaria (Page-39), Sponges and sponge like fossils (Moore) (Page 79), Coelenterates (Moore) (Page-99), Bryozoans (Moore) (Page-156), Brachiopods (Moore) (Page-199), Mollusks (Moore) (Page-269), Gastropods (Moore) (Page-277), Cephalopods (fisher) (Page-336), Pelecypods (Moore) (Page-400), Annelids and other worms (Lalicker) (Moore) (Page-452), Arthropods (Moore) (Page-464), Trilobites (Moore) (Page-478), Ostracods and other crustaceans (Lalicker) (Moore) (Page-521), Chelicerates, myriapods and insects (Moore) (Page-552), Echinoderms (Moore) (Page-577), Primive attached echinoderms (Moore) (Page-582), Crinoids (Moore) (Page-604), Holothuroids (Fischer) (Page-653), Starfishes (Page-659), Echinoids Fischer (Page-675), Graptolites and pterobranchs Fischer (Page-715), Conodonts (Page-738). |
| 650 ## - SUBJECT ADDED ENTRY--TOPICAL TERM | |
| Topical term or geographic name entry element | Invertebrate Fossils |
| 9 (RLIN) | 2437 |
| 942 ## - ADDED ENTRY ELEMENTS (KOHA) | |
| Source of classification or shelving scheme | |
| Koha item type | Book |
| Call number prefix | 562,MOO |
| Withdrawn status | Lost status | Source of classification or shelving scheme | Damaged status | Not for loan | Permanent Location | Current Location | Shelving location | Date acquired | Full call number | Barcode | Date last seen | Price effective from | Koha item type | Public note |
|---|---|---|---|---|---|---|---|---|---|---|---|---|---|---|
| Military College of Signals (MCS) | Military College of Signals (MCS) | General Stacks | 12/12/2016 | 562,MOO | MCS33631 | 12/08/2016 | 12/12/2016 | Book | Almirah No.77, Shelf No.5 |
